| 000 | 00660nam a2200241Ia 4500 | ||
|---|---|---|---|
| 003 | OSt | ||
| 005 | 20230518090840.0 | ||
| 008 | 210423s2006 xx 000 0 und d | ||
| 020 | _a978-0-12-5883-65-8 | ||
| 040 | _cAL | ||
| 041 | _aeng | ||
| 082 |
_a615.954 _223 _bRIEF |
||
| 100 |
_aRIEMANN (Hans P);CLIVER (Dean O) _9107517 |
||
| 245 | _aFoodborne infections and intoxications Ed 3 | ||
| 250 | _a3 | ||
| 260 |
_aNew York _bElsevier _c2006 |
||
| 300 |
_axiv,903 _bHB |
||
| 365 |
_b10807.5 _cUSD |
||
| 650 |
_aMedical Sciences _9107518 |
||
| 650 |
_aPharmacology _9107519 |
||
| 906 | _aEd ; Foodborne ; infections ; intoxications | ||
| 942 |
_2ddc _cBK |
||
| 999 |
_c166692 _d166692 |
||